GUIDE TO THE ESSENTIALS WORLD RELIGIONS (Record no. 35203)

MARC details
000 -LEADER
fixed length control field 00239nam a2200097Ia 4500
008 - FIXED-LENGTH DATA ELEMENTS--GENERAL INFORMATION
fixed length control field 240625s9999 xx 000 0 und d
041 ## - LANGUAGE CODE
Language code of text/sound track or separate title eng
082 ## - DEWEY DECIMAL CLASSIFICATION NUMBER
Classification number 808.20 HEN
100 ## - MAIN ENTRY--PERSONAL NAME
Personal name HENDRICKSON
245 ## - TITLE STATEMENT
Title GUIDE TO THE ESSENTIALS WORLD RELIGIONS
Holdings
Withdrawn status Lost status Damaged status Not for loan Home library Current library Shelving location Date acquired Full call number Barcode Date last seen Price effective from Koha item type
        IMTN IMTN Rack 38-A 10/18/2016 808.20 HEN CD2231 06/25/2024 06/25/2024 CD
Designed & Maintained by: LRC IMT Nagpur Contact: lrc@imtnag.ac.in© 2024. All Rights Reserved.